MONTHLY NUST NEWS (August 2013) (Record no. 208093)
[ view plain ]
| 000 -LEADER | |
|---|---|
| fixed length control field | 00319 a2200145 4500 |
| 003 - CONTROL NUMBER IDENTIFIER | |
| control field | Nust |
| 005 - DATE AND TIME OF LATEST TRANSACTION | |
| control field | 20170207163754.0 |
| 040 ## - CATALOGING SOURCE | |
| Transcribing agency | Nust |
| 082 ## - DEWEY DECIMAL CLASSIFICATION NUMBER | |
| Classification number | 050 |
| 100 ## - MAIN ENTRY--PERSONAL NAME | |
| Personal name | Maryam Khalid |
| 245 ## - TITLE STATEMENT | |
| Title | MONTHLY NUST NEWS (August 2013) |
| 250 ## - EDITION STATEMENT | |
| Edition statement | Volume IV / Issue VIII |
| 260 ## - PUBLICATION, DISTRIBUTION, ETC. | |
| Place of publication, distribution, etc. | Pakistan |
| Name of publisher, distributor, etc. | NUST |
| Date of publication, distribution, etc. | August 2013 |
| 300 ## - PHYSICAL DESCRIPTION | |
| Extent | 25 p |
| 942 ## - ADDED ENTRY ELEMENTS (KOHA) | |
| Koha item type | |
| Withdrawn status | Lost status | Source of classification or shelving scheme | Damaged status | Not for loan | Collection code | Permanent Location | Current Location | Date acquired | Total Checkouts | Full call number | Barcode | Date last seen | Price effective from | Koha item type |
|---|---|---|---|---|---|---|---|---|---|---|---|---|---|---|
| Military College of Signals (MCS) | Military College of Signals (MCS) | 12/12/2016 | 050 KHA | MCSP-22/40 (1) | 12/08/2016 | 12/12/2016 | Book | |||||||
| Military College of Signals (MCS) | Military College of Signals (MCS) | 12/12/2016 | 050 KHA | MCSP-22/40 (10) | 12/08/2016 | 12/12/2016 | Book | |||||||
| Military College of Signals (MCS) | Military College of Signals (MCS) | 12/12/2016 | 050 KHA | MCSP-22/40 (2) | 12/08/2016 | 12/12/2016 | Book | |||||||
| Military College of Signals (MCS) | Military College of Signals (MCS) | 12/12/2016 | 050 KHA | MCSP-22/40 (3) | 12/08/2016 | 12/12/2016 | Book | |||||||
| Military College of Signals (MCS) | Military College of Signals (MCS) | 12/12/2016 | 050 KHA | MCSP-22/40 (4) | 12/08/2016 | 12/12/2016 | Book | |||||||
| Military College of Signals (MCS) | Military College of Signals (MCS) | 12/12/2016 | 050 KHA | MCSP-22/40 (5) | 12/08/2016 | 12/12/2016 | Book | |||||||
| Military College of Signals (MCS) | Military College of Signals (MCS) | 12/12/2016 | 050 KHA | MCSP-22/40 (6) | 12/08/2016 | 12/12/2016 | Book | |||||||
| Military College of Signals (MCS) | Military College of Signals (MCS) | 12/12/2016 | 050 KHA | MCSP-22/40 (7) | 12/08/2016 | 12/12/2016 | Book | |||||||
| Military College of Signals (MCS) | Military College of Signals (MCS) | 12/12/2016 | 050 KHA | MCSP-22/40 (8) | 12/08/2016 | 12/12/2016 | Book | |||||||
| Military College of Signals (MCS) | Military College of Signals (MCS) | 12/12/2016 | 050 KHA | MCSP-22/40 (9) | 12/08/2016 | 12/12/2016 | Book |
